Hong Kong Top 10 Private Housing Estates 香港十大屋苑 - Statistics

General Stats
  • This quiz has been taken 152 times
  • The average score is 5 of 10
Answer Stats
District Average Price (USD/m2) Private Housing Estate % Correct
Eastern 東區 $26,746 Tai Koo Shing 太古城
86%
Sha Tin 沙田區 $22,593 City One Shatin 沙田第一城
70%
Southern 南區 $23,643 South Horizons 海怡半島
70%
Sham Shui Po 深水埗區 $18,469 Mei Foo Sun Chuen 美孚新邨
58%
Kowloon City 九龍城區 $22,873 Whampoa Garden 黃埔花園
49%
Eastern 東區 $24,092 Kornhill 康怡花園
41%
Kwun Tong 觀塘區 $18,923 Laguna City 麗港城
41%
Yuen Long 元朗區 $14,283 Kingswood Villas 嘉湖山莊
33%
Sai Kung 西貢區 $22,248 Metro City 新都城
24%
Islands 離島區 $15,216 Caribbean Coast 映灣園
11%
No matching quizzes found
Score Distribution
Percent of People with Each Score
Percentile by Number Answered
Your Score History
You have not taken this quiz